| 000 | 01835nam a22002777a 4500 | ||
|---|---|---|---|
| 999 |
_c58765 _d58765 |
||
| 003 | Ge_BSU | ||
| 005 | 20220719133605.0 | ||
| 008 | 220719s2020ge xxu||||| |||| 00| 0 geo d | ||
| 020 | _a978-9941-9736-9-7 | ||
| 041 | _ageo | ||
| 080 | _a070.32(479.22-25) +655.11(479.22-25)ჯ-21 | ||
| 100 |
_aჯანელიძე, ოთარ. _91743 |
||
| 245 |
_aბეჭდვითი სიტყვა თბილისში (1918-1921 წწ.) / _c ოთარ ჯანელიძე, მირიან ხოსიტაშვილი, ლევან თაქთაქიშვილი, რედ.გიორგი კეკელიძე ; თარგმანი ელენე დოლაქიძე ; დიზაინი გიგი მელაშვილი. |
||
| 264 |
_aთბილისი : _bსაქართველოს პარლამენტის ეროვნული ბიბლიოთეკა, _c2020. |
||
| 300 |
_a220 გვ. : _b ფოტ. ; _c24 სმ. |
||
| 520 | _aრეზიუმე ინგლისურ ენაზე. | ||
| 653 | _aბეჭდვითი საქმე საქართველოში. | ||
| 700 |
_aხოსიტაშვილი, მირიან _914440 |
||
| 700 |
_aთაქთაქიშვილი, ლევან _9328 |
||
| 700 |
_aკეკელიძე, გიორგი _e რედაქტორი _914441 |
||
| 700 |
_aდოლაქიძე, ელენე _eმთარგმნელი _914442 |
||
| 700 |
_aმელაშვილი, გიგი _eდიზაინი _914443 |
||
| 710 |
_aსაქართველოს პარლამენტის ეროვნული ბიბლიოთეკა. _914444 |
||
| 773 | _tნაჩუქარი | ||
| 942 |
_2udc _cBK |
||